000 00586nam a2200193Ia 4500
003 GCL
008 140319s9999 xx 000 0 ara d
040 _aGCL /
_cGCL
082 0 4 _a791.437
_bف س
100 1 _aفيلد سد
245 1 0 _aالسيناريو /
_cفيلد سد
700 1 _aسامى محمد (مترجم)
260 _aالعراق :
_bدار المامون للترجمة والنشر ،
_c1989
300 _a244 ص ؛
_c24 سم
650 0 4 _aالسينما
650 0 4 _aالسينما والتليفزيون
650 0 4 _aالسيناريو
942 _2ddc
_cBK
999 _c35827
_d35827